Movimientos sociais, ciudadania e democracia /

محفوظ في:
التفاصيل البيبلوغرافية
المؤلف الرئيسي: Kunrath Silva, Marcelo
التنسيق: نص
الوسوم: إضافة وسم
لا توجد وسوم, كن أول من يضع وسما على هذه التسجيلة!

MARC

LEADER 00000 a a2200000 04500
001 2372
003
040
100 |a Kunrath Silva, Marcelo  
245 |a Movimientos sociais, ciudadania e democracia /  |c Marcelo Kunrath Silva  
773 |g número 10; páginas 107-135  
999 |c 21458  |d 21458